OB HELLER výročná správa 2000

Enregistré dans:
Détails bibliographiques
Format: Livre
Langue:slovaque
anglais
Publié: Bratislava OB Heller Factoring, a. s. [2001]
Sujets:
Tags: Ajouter un tag
Pas de tags, Soyez le premier à ajouter un tag!

MARC

LEADER 00000nam$a2200000$$$4500
001 0004098
005 20240108123843.0
041 0 |a slo 
041 0 |a eng 
044 |a SK 
245 1 0 |a OB HELLER  |b výročná správa 2000 
264 1 |a Bratislava  |b OB Heller Factoring, a. s.  |c [2001] 
300 |a 19 s. 
610 2 0 |a faktoring 
610 2 0 |a trh finančný 
610 2 0 |a služby obchodné 
610 2 0 |a riziko 
610 2 0 |a trh medzinárodný 
610 2 0 |a financovanie 
610 2 0 |a pohľadávky